000 00303nam a2200121Ia 4500
008 240731s9999 xx 000 0 und d
022 _a2159-8312
245 0 _aInternational Critical Thought
260 _bRoutledge
856 _uhttps://www.tandfonline.com/loi/rict20
942 _2ddc
942 _cTFEJ
999 _c77017
_d77017
945 _a1
_bMadushi Gamage
_c1
_dMadushi Gamage